[Event "Bundesliga 2324"]
[Site "Germany"]
[Date "2024.03.17"]
[Round "13.8"]
[White "Dinstuhl, Volkmar"]
[Black "Rafiee, Makan"]
[Result "1/2-1/2"]
[WhiteElo "2380"]
[BlackElo "2279"]
[PlyCount "43"]
[EventDate "2023.10.21"]
[EventType "team-tourn"]
[EventRounds "15"]
[EventCountry "GER"]
[SourceTitle "CB13_2024"]
[SourceDate "2024.03.27"]
[SourceVersion "1"]
[SourceVersionDate "2024.03.27"]
[SourceQuality "1"]
[WhiteTeam "Muelheim Nord"]
[BlackTeam "Bayern Muenchen"]
[WhiteTeamCountry "GER"]
[BlackTeamCountry "GER"]

1. d4 Nf6 2. c4 c5 3. d5 e6 4. Nc3 exd5 5. cxd5 d6 6. e4 g6 7. h3 Bg7 8. Bd3 0-0 9. Bg5 b6 10. Nf3 Ba6 11. Bxa6 Nxa6 12. 0-0 h6 13. Bf4 b5 14. Qe2 Qb6 15. Qxb5 Qxb5 16. Nxb5 Nxe4 17. Nxd6 Nxd6 18. Bxd6 Rfd8 19. Be5 Rxd5 20. Bxg7 Kxg7 21. Rad1 Rad8 22. Rxd5 1/2-1/2

[Event "Bundesliga 2324"]
[Site "Germany"]
[Date "2024.01.13"]
[Round "5.8"]
[White "Heinz, Timothee"]
[Black "Rafiee, Makan"]
[Result "1/2-1/2"]
[WhiteElo "2373"]
[BlackElo "2279"]
[PlyCount "53"]
[EventDate "2023.10.21"]
[EventType "team-tourn"]
[EventRounds "15"]
[EventCountry "GER"]
[SourceTitle "CB03_2024"]
[SourceDate "2024.01.17"]
[SourceVersion "1"]
[SourceVersionDate "2024.01.17"]
[SourceQuality "1"]
[WhiteTeam "Oetigheim"]
[BlackTeam "Bayern Muenchen"]
[WhiteTeamCountry "GER"]
[BlackTeamCountry "GER"]

1. e4 e5 2. Nf3 Nc6 3. Nc3 Nf6 4. d4 exd4 5. Nxd4 Bb4 6. Nxc6 bxc6 7. Bd3 d5 8. exd5 0-0 9. 0-0 Bg4 10. f3 Bh5 11. Bg5 Qd6 12. Kh1 Bxc3 13. bxc3 cxd5 14. Qe1 Bg6 15. Qg3 Qxg3 16. hxg3 Rfe8 17. Rfe1 Rab8 18. Rxe8+ Nxe8 19. Re1 f6 20. Be3 Nd6 21. Bxa7 Ra8 22. Bc5 Rxa2 23. Bxd6 cxd6 24. Bxg6 hxg6 25. Rd1 Rxc2 26. Rxd5 Rxc3 27. Rxd6 1/2-1/2

[Event "World-chT Rapid"]
[Site "Dusseldorf"]
[Date "2023.08.26"]
[Round "3.7"]
[White "Rafiee, Makan"]
[Black "Peglau, Charis"]
[Result "1-0"]
[WhiteElo "2279"]
[BlackElo "2094"]
[PlyCount "85"]
[EventDate "2023.08.26"]
[EventType "team-swiss (rapid)"]
[EventRounds "12"]
[EventCountry "GER"]
[SourceTitle "CBM 215 Extra"]
[Source "ChessBase"]
[SourceDate "2023.09.30"]
[SourceVersion "1"]
[SourceVersionDate "2023.09.30"]
[SourceQuality "1"]
[WhiteTeam "Team Chessemy.com"]
[BlackTeam "Mitropa Chess Association"]
[WhiteTeamCountry "GER"]
[BlackTeamCountry "GER"]

1. e4 c6 2. d4 d5 3. Nc3 dxe4 4. Nxe4 Nd7 5. Ng5 Ngf6 6. Bd3 h6 7. Ne6 Qb6 8. Nf3 fxe6 9. Bg6+ Kd8 10. 0-0 Qb5 11. b3 b6 12. a4 Qa6 13. Bf4 Bb7 14. Bd2 Bc8 15. a5 b5 16. c4 bxc4 17. bxc4 Qxc4 18. a6 Bxa6 19. Re1 Bb5 20. Ba5+ Kc8 21. Qd2 Kb7 22. Bf7 Qd3 23. Qb2 g5 24. Re3 Qh7 25. Bxe6 a6 26. Rc1 Rc8 27. Qc3 g4 28. Ne5 Nxe5 29. dxe5 Ne4 30. Qd4 Nd6 31. Bxc8+ Kxc8 32. exd6 exd6 33. Re8+ Kd7 34. Rd8+ Ke6 35. Re1+ Kf5 36. Qe4+ Kg5 37. Bd2+ Kh5 38. Qf4 Bg7 39. h3 Qg6 40. Rxd6 Qg5 41. Qf7+ Kh4 42. Bxg5+ hxg5 43. Qxg7 1-0

[Event "World-chT Rapid"]
[Site "Dusseldorf"]
[Date "2023.08.26"]
[Round "4.3"]
[White "Ter Sahakyan, Samvel"]
[Black "Rafiee, Makan"]
[Result "1-0"]
[WhiteElo "2609"]
[BlackElo "2279"]
[PlyCount "61"]
[EventDate "2023.08.26"]
[EventType "team-swiss (rapid)"]
[EventRounds "12"]
[EventCountry "GER"]
[SourceTitle "CBM 215 Extra"]
[Source "ChessBase"]
[SourceDate "2023.09.30"]
[SourceVersion "1"]
[SourceVersionDate "2023.09.30"]
[SourceQuality "1"]
[WhiteTeam "Armenia"]
[BlackTeam "Team Chessemy.com"]
[WhiteTeamCountry "ARM"]
[BlackTeamCountry "GER"]

1. e4 e5 2. Nf3 Nc6 3. Bb5 a6 4. Ba4 Nf6 5. 0-0 Be7 6. Re1 b5 7. Bb3 0-0 8. a4 b4 9. d4 d6 10. dxe5 dxe5 11. Nbd2 Bc5 12. a5 Qe7 13. Bd5 Bb7 14. Nb3 Bd6 15. Bg5 Nd8 16. Nh4 g6 17. Qf3 Kg7 18. Qh3 h5 19. Rad1 c6 20. Bc4 Bc8 21. Qg3 Be6 22. Rd3 Bxc4 23. Rf3 Ng4 24. Bxe7 Bxe7 25. h3 Bxh4 26. Qxh4 Nh6 27. Qf6+ Kh7 28. Nc5 Ne6 29. Nd7 Rfd8 30. Nxe5 Nd4 31. Nxc4 1-0

[Event "Titled Tuesday intern op 11th Apr Early"]
[Site "Chess.com INT"]
[Date "2023.04.11"]
[Round "1"]
[White "Rafiee, Makan"]
[Black "Mikhailovsky, Vladimir"]
[Result "1-0"]
[WhiteElo "2279"]
[BlackElo "2215"]
[PlyCount "67"]
[EventDate "2023.04.11"]
[EventType "swiss (blitz)"]
[EventRounds "11"]
[EventCountry "USA"]
[SourceTitle "CBM 213 Extra"]
[Source "ChessBase"]
[SourceDate "2023.05.31"]
[SourceVersion "1"]
[SourceVersionDate "2023.05.31"]
[SourceQuality "1"]

1. e4 Nf6 2. e5 Nd5 3. c4 Nb6 4. d4 d6 5. exd6 exd6 6. Nc3 Be7 7. h3 Bf5 8. Nf3 0-0 9. Be2 Nc6 10. 0-0 Re8 11. b3 Bf6 12. Bb2 d5 13. c5 Nc8 14. a3 a5 15. Bb5 N8e7 16. Re1 Ng6 17. Rxe8+ Qxe8 18. Nxd5 Qd8 19. Nxf6+ Qxf6 20. Qd2 Bxh3 21. d5 Qf5 22. dxc6 Bxg2 23. Qd4 f6 24. Kxg2 Nf4+ 25. Kg3 Ne2+ 26. Bxe2 Re8 27. cxb7 h5 28. Bc4+ Kh8 29. Re1 Rb8 30. Qe4 Qxc5 31. Qe8+ Rxe8 32. Rxe8+ Kh7 33. b8Q Qd6+ 34. Kg2 1-0

[Event "Bundesliga 2223"]
[Site "Germany"]
[Date "2023.02.25"]
[Round "8.4"]
[White "Fish, Gennadij"]
[Black "Rafiee, Makan"]
[Result "1/2-1/2"]
[WhiteElo "2452"]
[BlackElo "2316"]
[PlyCount "48"]
[EventDate "2022.10.21"]
[EventType "team-tourn"]
[EventRounds "15"]
[EventCountry "GER"]
[SourceTitle "CBM 213 Extra"]
[Source "ChessBase"]
[SourceDate "2023.05.31"]
[SourceVersion "1"]
[SourceVersionDate "2023.05.31"]
[SourceQuality "1"]
[WhiteTeam "Werder Bremen"]
[BlackTeam "Bayern Muenchen"]
[WhiteTeamCountry "GER"]
[BlackTeamCountry "GER"]

1. d4 Nf6 2. c4 c5 3. d5 e6 4. Nc3 exd5 5. cxd5 d6 6. Nf3 g6 7. Nd2 Bg7 8. e4 0-0 9. Be2 Na6 10. 0-0 Nc7 11. a4 b6 12. f4 Re8 13. Kh1 Rb8 14. Bf3 a6 15. Nc4 b5 16. axb5 axb5 17. Na5 Bd7 18. Nc6 Bxc6 19. dxc6 b4 20. Nd5 Nxe4 21. Ra7 Rc8 22. Nb6 Rb8 23. Nd5 Rc8 24. Nb6 Rb8 1/2-1/2

[Event "Bundesliga 1920"]
[Site "Germany"]
[Date "2021.10.15"]
[Round "11.40"]
[White "Kozul, Zdenko"]
[Black "Rafiee, Makan"]
[Result "1-0"]
[WhiteElo "2593"]
[BlackElo "2335"]
[PlyCount "63"]
[EventDate "2019.11.23"]
[EventType "team-tourn"]
[EventRounds "15"]
[EventCountry "GER"]
[SourceTitle "EXT 2022"]
[Source "ChessBase"]
[SourceDate "2021.10.06"]
[SourceVersion "1"]
[SourceVersionDate "2021.10.06"]
[SourceQuality "1"]
[WhiteTeam "Deizisau"]
[BlackTeam "Bayern Muenchen"]
[WhiteTeamCountry "GER"]
[BlackTeamCountry "GER"]

1. d4 d5 2. c4 c6 3. e3 Nf6 4. Nc3 a6 5. Nf3 Bf5 6. Bd3 Bxd3 7. Qxd3 e6 8. 0-0 Bb4 9. Bd2 0-0 10. Rfd1 a5 11. b3 Nbd7 12. a3 Bxc3 13. Bxc3 Ne4 14. a4 Nxc3 15. Qxc3 Qe7 16. Ne1 Rfc8 17. Nd3 dxc4 18. bxc4 b5 19. axb5 cxb5 20. c5 b4 21. Qb3 Nf6 22. Nb2 Nd5 23. Na4 Ra6 24. e4 Nf4 25. g3 Qg5 26. Qf3 e5 27. Nb6 Rc6 28. dxe5 Nh3+ 29. Kg2 Rxc5 30. Qe3 Qe7 31. Rd7 Qf8 32. Qd3 1-0

[Event "Caissa Guatemala Online"]
[Site "Chess.com INT"]
[Date "2021.01.23"]
[Round "6"]
[White "Lorenzana, Wilson Estuardo"]
[Black "Rafiee, Makan"]
[Result "0-1"]
[WhiteElo "2220"]
[BlackElo "2324"]
[PlyCount "110"]
[EventDate "2021.01.23"]
[EventType "swiss (blitz)"]
[EventRounds "7"]
[EventCountry "GUA"]
[SourceTitle "CBM 200 Extra"]
[Source "ChessBase"]
[SourceDate "2021.03.31"]
[SourceVersion "1"]
[SourceVersionDate "2021.03.31"]
[SourceQuality "1"]

1. e4 e5 2. Nf3 Nc6 3. Bc4 Bc5 4. c3 Nf6 5. d3 d6 6. 0-0 a6 7. a4 0-0 8. a5 Bg4 9. h3 Bh5 10. Re1 Kh8 11. Be3 Bxe3 12. fxe3 g5 13. Nbd2 g4 14. hxg4 Nxg4 15. Qe2 f5 16. exf5 Rxf5 17. Bd5 Qe7 18. b4 Nf6 19. Bb3 e4 20. dxe4 Nxe4 21. Nxe4 Bxf3 22. gxf3 d5 23. Nf2 Rg8+ 24. Ng4 Ne5 25. Bxd5 Nxg4 26. fxg4 Rxd5 27. Rf1 Qh4 28. Rf4 Qg3+ 29. Kf1 Rh5 30. Qg2 Qxe3 31. Rf3 Qg5 32. Re1 Qb5+ 33. Kf2 Rhg5 34. Rf4 Qd3 35. Qf3 Qd6 36. Ree4 b6 37. Rd4 Qh6 38. axb6 cxb6 39. Rf7 Qh2+ 40. Ke3 R5g6 41. Kd3 Qa2 42. Rdd7 Qb1+ 43. Kd2 Qb2+ 44. Ke1 Qb1+ 45. Kf2 Rh6 46. Qg3 Qc2+ 47. Kg1 Qe4 48. Kf2 Re8 49. Rde7 Rxe7 50. Qb8+ Re8 51. Rf8+ Kg7 52. Rxe8 Rf6+ 53. Kg3 Qf3+ 54. Kh4 Rh6+ 55. Kg5 Qf6# 0-1

[Event "Caissa Guatemala Online"]
[Site "Chess.com INT"]
[Date "2021.01.23"]
[Round "4"]
[White "Pineda D, Raul Anibal"]
[Black "Rafiee, Makan"]
[Result "0-1"]
[WhiteElo "1259"]
[BlackElo "2324"]
[PlyCount "84"]
[EventDate "2021.01.23"]
[EventType "swiss (blitz)"]
[EventRounds "7"]
[EventCountry "GUA"]
[SourceTitle "CBM 200 Extra"]
[Source "ChessBase"]
[SourceDate "2021.03.31"]
[SourceVersion "1"]
[SourceVersionDate "2021.03.31"]
[SourceQuality "1"]

1. d4 d5 2. Bf4 c6 3. Nf3 Qb6 4. b3 Nf6 5. e3 Bf5 6. Bd3 Bxd3 7. Qxd3 e6 8. 0-0 Nbd7 9. Nbd2 Be7 10. c4 Qa6 11. Qc2 0-0 12. c5 b6 13. cxb6 axb6 14. Qxc6 Rfc8 15. Bc7 Bd8 16. Qc3 Bxc7 17. Qb2 Bd6 18. Rfc1 Ba3 19. Rxc8+ Rxc8 20. Qb1 Rc1+ 21. Qxc1 Bxc1 22. Rxc1 Qxa2 23. h3 g6 24. Rc8+ Kg7 25. Rc7 b5 26. Rb7 Ne4 27. Nxe4 dxe4 28. Rxd7 exf3 29. gxf3 Qxb3 30. f4 b4 31. Kg2 Qb1 32. d5 exd5 33. Rxd5 Qe4+ 34. f3 Qxd5 35. e4 Qd2+ 36. Kg3 b3 37. f5 b2 38. Kg4 b1Q 39. f6+ Kxf6 40. e5+ Kg7 41. f4 Qg2+ 42. Kh4 Qe1# 0-1

[Event "Bremen CD Meyer Memorial"]
[Site "Bremen"]
[Date "2020.10.13"]
[Round "4"]
[White "Papp, Gabor"]
[Black "Rafiee, Makan"]
[Result "1-0"]
[WhiteElo "2602"]
[BlackElo "2336"]
[PlyCount "101"]
[EventDate "2020.10.10"]
[EventType "swiss"]
[EventRounds "9"]
[EventCountry "GER"]
[SourceTitle "CBM 198 Extra"]
[Source "ChessBase"]
[SourceDate "2020.11.30"]
[SourceVersion "1"]
[SourceVersionDate "2020.11.30"]
[SourceQuality "1"]

1. Nf3 Nf6 2. g3 d5 3. Bg2 e6 4. c4 Be7 5. d4 0-0 6. Nc3 c5 7. cxd5 Nxd5 8. Nxd5 Qxd5 9. 0-0 Nc6 10. Be3 cxd4 11. Nxd4 Qa5 12. Bxc6 bxc6 13. Nxc6 Qc7 14. Rc1 Bf6 15. Nxa7 Qb7 16. Nxc8 Rfxc8 17. Rxc8+ Qxc8 18. Qb3 Qa6 19. a3 Qxe2 20. Qb7 Rd8 21. b4 h5 22. h4 Rd5 23. Rc1 Bxh4 24. Qc8+ Bd8 25. Bg5 Qd3 26. Bxd8 Rxd8 27. Qc3 Qe2 28. Re1 Qg4 29. b5 h4 30. b6 hxg3 31. fxg3 Rb8 32. Rb1 Qe4 33. Rb4 Qe2 34. b7 g5 35. Rb2 Qd1+ 36. Kh2 Qd6 37. Rb5 Kf8 38. Rxg5 Ke7 39. Rb5 Kd7 40. Rb2 Ke7 41. a4 e5 42. Qb4 Qxb4 43. Rxb4 Kd7 44. a5 Kc7 45. a6 Rh8+ 46. Rh4 Rf8 47. Rc4+ Kb8 48. g4 Rd8 49. Kg3 Rd3+ 50. Kf2 Rb3 51. Rc8+ 1-0

[Event "Bremen CD Meyer Memorial"]
[Site "Bremen"]
[Date "2020.10.12"]
[Round "3"]
[White "Rafiee, Makan"]
[Black "Lubbe, Melanie"]
[Result "1-0"]
[WhiteElo "2336"]
[BlackElo "2254"]
[PlyCount "103"]
[EventDate "2020.10.10"]
[EventType "swiss"]
[EventRounds "9"]
[EventCountry "GER"]
[SourceTitle "CBM 198 Extra"]
[Source "ChessBase"]
[SourceDate "2020.11.30"]
[SourceVersion "1"]
[SourceVersionDate "2020.11.30"]
[SourceQuality "1"]

1. e4 c5 2. Nf3 Nc6 3. d4 cxd4 4. Nxd4 Nf6 5. Nc3 e5 6. Ndb5 d6 7. Bg5 a6 8. Na3 b5 9. Bxf6 gxf6 10. Nd5 Bg7 11. g3 f5 12. Bg2 0-0 13. exf5 e4 14. Qh5 Re8 15. 0-0 Re5 16. Ne3 d5 17. c3 Ne7 18. Bh3 Rb8 19. Nac2 Rb6 20. Nd4 Rh6 21. Qg4 Rg6 22. Qe2 Rh6 23. Bg4 Kh8 24. a4 bxa4 25. Rxa4 Rb6 26. Rfa1 Ng8 27. Ra5 Nf6 28. Bh3 Re7 29. Qd2 Reb7 30. b4 Rc7 31. Bf1 Rd6 32. Bxa6 Nd7 33. Bxc8 Rxc8 34. Rxd5 Rxd5 35. Nxd5 Ne5 36. Ne3 Nd3 37. Ra5 Qc7 38. Nd5 Qd6 39. Qe3 Re8 40. Kg2 Bh6 41. Qe2 Qe5 42. Ne3 Qc7 43. Ng4 Bg5 44. f6 Qxc3 45. Qxe4 Ne1+ 46. Kh3 Qc8 47. Qf5 Bd2 48. Qxc8 Rxc8 49. Ne5 Bxb4 50. Nxf7+ Kg8 51. Nh6+ Kh8 52. Rg5 1-0

[Event "Bundesliga 1920 final"]
[Site "Karlsruhe"]
[Date "2020.09.19"]
[Round "6.8"]
[White "Rafiee, Makan"]
[Black "Colbow, Collin"]
[Result "1/2-1/2"]
[WhiteElo "2334"]
[BlackElo "2210"]
[PlyCount "78"]
[EventDate "2020.09.16"]
[EventType "team-tourn"]
[EventRounds "7"]
[EventCountry "GER"]
[SourceTitle "CBM 198 Extra"]
[Source "ChessBase"]
[SourceDate "2020.11.30"]
[SourceVersion "1"]
[SourceVersionDate "2020.11.30"]
[SourceQuality "1"]
[WhiteTeam "Bayern Muenchen"]
[BlackTeam "Werder Bremen"]
[WhiteTeamCountry "GER"]
[BlackTeamCountry "GER"]

1. e4 c5 2. Nf3 d6 3. d4 cxd4 4. Nxd4 Nf6 5. Nc3 Nc6 6. Bg5 e6 7. Qd2 a6 8. 0-0-0 Be7 9. h4 Nxd4 10. Qxd4 b5 11. Be2 Qc7 12. f4 Bb7 13. Bf3 Rd8 14. h5 h6 15. Bh4 e5 16. Qe3 exf4 17. Qxf4 0-0 18. Nd5 Nxd5 19. exd5 Rde8 20. Rhe1 Qd8 21. Bxe7 Rxe7 22. c3 Rfe8 23. Rxe7 Rxe7 24. Kc2 Re5 25. Kb3 Qc7 26. a4 f5 27. axb5 axb5 28. Qd4 Qa5 29. g4 Kf8 30. Qf4 Kg8 31. Kc2 Bc8 32. g5 hxg5 33. Qxg5 f4 34. Qxf4 Bf5+ 35. Kd2 Qa2 36. Qb4 Qa7 37. Qd4 Qa2 38. Qb4 Qa7 39. Qd4 Qa2 1/2-1/2

[Event "Bundesliga 1920 final"]
[Site "Karlsruhe"]
[Date "2020.09.17"]
[Round "2.6"]
[White "Naiditsch, Arkadij"]
[Black "Rafiee, Makan"]
[Result "1-0"]
[WhiteElo "2624"]
[BlackElo "2334"]
[PlyCount "83"]
[EventDate "2020.09.16"]
[EventType "team-tourn"]
[EventRounds "7"]
[EventCountry "GER"]
[SourceTitle "CBM 198 Extra"]
[Source "ChessBase"]
[SourceDate "2020.11.30"]
[SourceVersion "1"]
[SourceVersionDate "2020.11.30"]
[SourceQuality "1"]
[WhiteTeam "Baden-Baden"]
[BlackTeam "Bayern Muenchen"]
[WhiteTeamCountry "GER"]
[BlackTeamCountry "GER"]

1. e4 e5 2. Nf3 Nc6 3. Bb5 a6 4. Ba4 Nf6 5. 0-0 Be7 6. d3 b5 7. Bb3 d6 8. a3 0-0 9. Nc3 Na5 10. Ba2 c5 11. Be3 Be6 12. Nd5 Nc6 13. c3 Rc8 14. b4 c4 15. dxc4 Nxe4 16. Qd3 Bxd5 17. cxd5 Nf6 18. dxc6 e4 19. Qd1 exf3 20. Qxf3 Qc7 21. c4 Qxc6 22. Rac1 Qd7 23. Rfd1 bxc4 24. Bxc4 Qa4 25. Bd4 a5 26. Bb3 Qb5 27. bxa5 Qxa5 28. Rxc8 Rxc8 29. Qb7 Qd8 30. Bxf6 Bxf6 31. Qxf7+ Kh8 32. g3 Qa5 33. a4 Be5 34. h4 Qa8 35. Qd5 Qa7 36. Kg2 Qa6 37. Rd3 Re8 38. h5 Qc8 39. Rf3 Rf8 40. Rxf8+ Qxf8 41. a5 Qb8 42. a6 1-0

[Event "Bundesliga 1920 final"]
[Site "Karlsruhe"]
[Date "2020.09.16"]
[Round "1.7"]
[White "Zaragatski, Ilja"]
[Black "Rafiee, Makan"]
[Result "1-0"]
[WhiteElo "2517"]
[BlackElo "2334"]
[PlyCount "119"]
[EventDate "2020.09.16"]
[EventType "team-tourn"]
[EventRounds "7"]
[EventCountry "GER"]
[SourceTitle "CBM 198 Extra"]
[Source "ChessBase"]
[SourceDate "2020.11.30"]
[SourceVersion "1"]
[SourceVersionDate "2020.11.30"]
[SourceQuality "1"]
[WhiteTeam "Viernheim"]
[BlackTeam "Bayern Muenchen"]
[WhiteTeamCountry "GER"]
[BlackTeamCountry "GER"]

1. Nf3 d5 2. g3 Nf6 3. Bg2 e6 4. c4 Be7 5. 0-0 0-0 6. b3 b6 7. cxd5 Nxd5 8. Bb2 Bb7 9. d4 c5 10. dxc5 Bxc5 11. a3 a5 12. Nbd2 Nd7 13. Nd4 Rc8 14. Nc4 Qe7 15. Nf5 exf5 16. Bxd5 Bxd5 17. Qxd5 Qe6 18. Rfd1 Nf6 19. Qxe6 fxe6 20. Bxf6 gxf6 21. a4 Rfd8 22. Rac1 Rd5 23. Nb2 Rcd8 24. Rxd5 Rxd5 25. Nd3 Kf7 26. Kf1 Ke7 27. Rc4 Rd4 28. Rc3 Bb4 29. Rc7+ Rd7 30. Rc6 Rd6 31. Rc7+ Rd7 32. Rc6 Rd6 33. Nxb4 axb4 34. Rc4 Rd1+ 35. Kg2 Kd6 36. Rxb4 Kc5 37. Rc4+ Kd5 38. Rb4 Kc5 39. Rc4+ Kd5 40. Rh4 Rb1 41. b4 Ra1 42. b5 h5 43. e3 Ra2 44. Rxh5 Rxa4 45. h4 Rb4 46. Rh8 Kd6 47. h5 Ke7 48. h6 Kf7 49. h7 Kg7 50. Rf8 Kxh7 51. Rxf6 Rxb5 52. Rxe6 Kg7 53. e4 fxe4 54. Rxe4 Kf6 55. g4 Rc5 56. f4 b5 57. Re8 Rc2+ 58. Kg3 Rc3+ 59. Kh4 Rc4 60. f5 1-0

[Event "Titled Tuesday intern op 14th July"]
[Site "Chess.com INT"]
[Date "2020.07.14"]
[Round "1"]
[White "Rafiee, Makan"]
[Black "Djukic, Nikola"]
[Result "0-1"]
[WhiteElo "2334"]
[BlackElo "2525"]
[PlyCount "74"]
[EventDate "2020.07.14"]
[EventType "swiss (blitz)"]
[EventRounds "10"]
[EventCountry "USA"]
[SourceTitle "CBM 197 Extra"]
[Source "ChessBase"]
[SourceDate "2020.09.30"]
[SourceVersion "1"]
[SourceVersionDate "2020.09.30"]
[SourceQuality "1"]

1. e4 c5 2. Nf3 Nc6 3. d4 cxd4 4. Nxd4 Qc7 5. Nc3 e6 6. Be3 a6 7. Bd3 Nf6 8. 0-0 Ne5 9. Be2 Bc5 10. a3 d6 11. f4 Nc6 12. Kh1 0-0 13. e5 dxe5 14. Nxc6 Qxc6 15. fxe5 Nd7 16. Bxc5 Qxc5 17. Bd3 Qxe5 18. Qf3 Nc5 19. Rae1 Qd4 20. Ne2 Qd6 21. Rd1 Nxd3 22. Rxd3 Qe5 23. Rfd1 Qf6 24. Qe4 e5 25. Rd6 Be6 26. Qxb7 Rab8 27. Qxa6 Rxb2 28. Ng3 Rxc2 29. Rf1 Qg6 30. Qb6 h5 31. Qb4 Rfc8 32. Rdd1 R2c4 33. Qb6 h4 34. Rd8+ Rxd8 35. Qxd8+ Kh7 36. Ne2 h3 37. g3 Qe4+ 0-1

[Event "Bundesliga 1920"]
[Site "Germany"]
[Date "2020.02.23"]
[Round "8.8"]
[White "Rafiee, Makan"]
[Black "Banusz, Tamas"]
[Result "0-1"]
[WhiteElo "2335"]
[BlackElo "2620"]
[PlyCount "88"]
[EventDate "2019.11.23"]
[EventType "team-tourn"]
[EventRounds "15"]
[EventCountry "GER"]
[SourceTitle "CBM 195 Extra"]
[Source "ChessBase"]
[SourceDate "2020.05.31"]
[SourceVersion "1"]
[SourceVersionDate "2020.05.31"]
[SourceQuality "1"]
[WhiteTeam "Bayern Muenchen"]
[BlackTeam "Hockenheim"]
[WhiteTeamCountry "GER"]
[BlackTeamCountry "GER"]

1. e4 e5 2. Nf3 Nc6 3. Bb5 g6 4. d4 exd4 5. c3 Bg7 6. cxd4 a6 7. Ba4 b5 8. Bc2 d6 9. Bg5 Nge7 10. Nc3 h6 11. Be3 d5 12. e5 Bf5 13. h4 Qd7 14. a3 Nd8 15. a4 Rb8 16. b4 Bg4 17. Qd2 Nf5 18. Ng1 Nxe3 19. Qxe3 Nc6 20. Rb1 Bf8 21. f3 Nxb4 22. Rxb4 Bxb4 23. fxg4 c5 24. Nge2 Rc8 25. e6 Qxe6 26. Qxe6+ fxe6 27. Bxg6+ Ke7 28. 0-0 cxd4 29. Na2 Bd2 30. Kh2 Rhg8 31. Rf7+ Kd6 32. h5 e5 33. Rf6+ Kc5 34. Nac1 Bxc1 35. Nxc1 e4 36. Nb3+ Kc4 37. Na5+ Kc3 38. Nc6 Rc7 39. axb5 axb5 40. Rd6 d3 41. Ne5 Kd4 42. Nd7 Rxd7 43. Rxd7 d2 44. Bf7 Rg5 0-1

[Event "Bundesliga 1920"]
[Site "Germany"]
[Date "2020.02.22"]
[Round "7.8"]
[White "Bodrozic, Tomislav"]
[Black "Rafiee, Makan"]
[Result "0-1"]
[WhiteElo "2363"]
[BlackElo "2335"]
[PlyCount "80"]
[EventDate "2019.11.23"]
[EventType "team-tourn"]
[EventRounds "15"]
[EventCountry "GER"]
[SourceTitle "CBM 195 Extra"]
[Source "ChessBase"]
[SourceDate "2020.05.31"]
[SourceVersion "1"]
[SourceVersionDate "2020.05.31"]
[SourceQuality "1"]
[WhiteTeam "Speyer Schwegenheim"]
[BlackTeam "Bayern Muenchen"]
[WhiteTeamCountry "GER"]
[BlackTeamCountry "GER"]

1. e4 e5 2. Nf3 Nc6 3. d4 exd4 4. Nxd4 Nf6 5. Nxc6 bxc6 6. e5 Qe7 7. Qe2 Nd5 8. c4 Ba6 9. Nd2 g6 10. Nf3 Qb4+ 11. Kd1 Ne7 12. b3 Bg7 13. Bb2 0-0 14. Qd2 Qb6 15. Kc2 Rad8 16. Bd3 c5 17. Rae1 Nc6 18. Kb1 Nb4 19. Be4 d5 20. exd6 Rxd6 21. Qe2 Bxb2 22. Qxb2 Rfd8 23. Qc3 Qa5 24. a4 Qb6 25. Re3 Bb7 26. Rhe1 Bxe4+ 27. Rxe4 Qc6 28. Qe3 Rd1+ 29. Rxd1 Rxd1+ 30. Kb2 Qf6+ 31. Ne5 Qd6 32. Nf3 Rb1+ 33. Kxb1 Qd1+ 34. Qc1 Qxb3+ 35. Qb2 Qd3+ 36. Ka1 Qxe4 37. Qe5 Qxc4 38. Qe8+ Kg7 39. Qe5+ f6 40. Qe7+ Kh6 0-1